Catálogo
 En Linea
Vista normal Vista MARC

Entrada Nombre geográfico

Número de registros utilizados en: 2

001 - NÚMERO DE CONTROL

  • campo de control: 9248

003 - IDENTIFICADOR DEL NÚMERO DE CONTROL

  • campo de control: BNPHU

005 - FECHA Y HORA DE LA ÚLTIMA TRANSACCIÓN

  • campo de control: 20260319120636.0

008 - DATOS DE LONGITUD FIJA

  • campo de control de longitud fija: 200615|| aca||aabn | a|a d

010 ## - NÚMERO DE CONTROL DE LA BIBLIOTECA DEL CONGRESO

  • Número de control de LC: n 91027315

040 ## - FUENTE DE LA CATALOGACIÓN

  • Centro catalogador/agencia de origen: DO-SdBNP
  • Lengua de catalogación: spa
  • Centro/agencia transcriptor: BNPHU
  • Normas de descripción: rda

151 ## - ENCABEZAMIENTO--NOMBRE GEOGRÁFICO

  • Nombre geográfico: San Cristóbal (República Dominicana)

451 ## - TRAZADO DE VÉASE--NOMBRE GEOGRÁFICO

  • Nombre geográfico: San Cristobal

670 ## - FUENTE DE DATOS ENCONTRADOS

  • Cita de la fuente: Nina, Juan B., 1959- 9246, Historia y folklore de San Cristóbal /, 2006.

670 ## - FUENTE DE DATOS ENCONTRADOS

  • Cita de la fuente: Congreso Dominicano sobre la Enseñanza de la Biología a Nivel Medio (1o. : San Cristóbal, República Dominicana ). Memorias del Primer Congreso ... c1989:

670 ## - FUENTE DE DATOS ENCONTRADOS

  • Identificador Uniforme del Recurso: https://authorities.loc.gov/authority/4a755b18-2d31-437c-bbb7-d1e3add75bab?searchFields=all&searchType=begins&searchTerm=San+cristobal&limit=100&sortBy=relevance&headingRef=San+Cristo%CC%81bal+%28Dominican+Republic%29 Consultado en 19 de Marzo, 2026

781 ## - ENTRADA DE ENLACE DE SUBDIVISIÓN--SUBDIVISIÓN GEOGRÁFICA

  • Subdivisión geográfica: República Dominicana
  • Subdivisión geográfica: San Cristóbal

Con tecnología Koha